000 nam a22 7a 4500
999 _c326278
_d326278
003 BLK
005 20201007040518.0
008 181115b bu ||||| |||| 00| 0 bu d
020 _a978-954-326-334-9
040 _aBLK
041 _aBUL
_cBUL
080 _aТумори. Неоплазми (новообразувания). Онкология (учение за туморите)
_b616-006
_z616-006(075.8)
_x(075.8)
100 1 _aКонстанта В. Тимчева
_cпроф. д-р
_eпърви автор
_91299
139 _aКонстанта В. Тимчева
_bТ 55
245 _aМедицинска онкология
_bТом 1, Обща част
_f2018 г.
_nІ
_pОбща част
260 _9209799
_bПарадигма
_c2018 г.
_fБулгед
_g2018 г.
_n978-954-326- ; 954-9536-
300 _a395 с.
_bс ил.
_c24 см
380 _a61
500 _aИмената на авт. отбелязани на с. 393-395, на състав. - на гърба на предзагл. с., на авт. на предг. - на с. 8 Други авт.: Мариана Атанасова, Драган Бобев, Елина Белева, Иван Бонев, Ваня Бонева, Борислав Борисов, Анна-Мария Борисова, Нели Великова, Светлана Велчова, Спартак Вълев, Иван Гаврилов, Ива Гаврилова, Димчо Георгиев, Иван Георгиев, Жанет Грудева, Венцислав Добрев, Надя Димитрова, Николай Добрев, Николай Йорданов, Теодора Караниколова, Красимир Киров, Красимир Койнов, Борис Кръстев, Елисавета Кръстева, Марчела Колева, Радка Кънева, Цвета Миленкова, Надежда Митева, Атанаска Миткова, Иглика Михайлова, Камен Недев, Иванка Ненова, Нели Гешева, Манаси Николов, Елена Петкова, Милена Перухова, Димитър Петров, Мила Петрова, Веселин Попов, Веселина Първанова, Юлиан Райнов, Соня Сергиева, Георги Стаменов, Цветалина Танкова, Маргарита Таушанова, Константа Тимчева, Стоян Ханджиев, Светломира Христова, Искра Христозова, Александър Шинков, Николай Цонев, Мария Чолакова Възприетата форма на името на авт. Жанет Грудева е Жанет Грудева Грудева-Попова, на Елисавета Кръстева е Елисавета Кръстева Миленкова Пълното име на авт. Нели Великова е Недялка Великова Георгиева 1. изд. 2012 на изд. Парадокс Библиогр. след отд. гл.
650 0 _9390709
_aОнкология - учебници за ВУЗ
653 7 _9190721
_aмедицина
653 7 _9192805
_aонкология
700 _91311
_aЙорданова, Диана
_eред.
700 _9390420
_aРадева, Яница
_eкор.
700 _9390421
_aЦвети Павлова
_eпредпечат
700 _9390711
_aЦвети Павлова
_eкорица
852 _aЦб 291665
_bЦб
942 _cKNG
_n0
944 _aCR
_c2018-11-15
_kТони Тончев
_l2018-11-15
999 _d326278
999 _d326278
999 _d326278
999 _d326278
999 _d326278
999 _d326278
999 _d326278